1394 1244 1950 1741 1917 1308 1773 1074 1312 1984 1511 1031 1346 1499 1146 1280 1960 1126 1888 1107 1069 1527 1295 1668 1238 1220 1888 1265 1868 1964 1942 1553 1768 1811 1547 1460 1333 1460 1589 1235 1779 1577 1707 1900 1606 1587 1106 1448 1820 1530 1176 1984 1977 1136 1571 1392 1828 1016 1810 1107 1779 1964 1836 1760 1672 1022 1279 1356 1450 1820 1865 1371 1180 1226 1303 1406 1029 1969 1783 1520 1018 1302 1549 1553 1151 1019 1585 1709 1779 1755 1269 1165 1532 1164 1863 1770 1226 1178 1730 BCNSPRNW ULIB Ver.6.0+V

เปลี่ยนเป็นภาษาไทย

Change to English
 แสดงรายละเอียดบรรณานุกรม
  กลับหน้าหลัก

Brief Record : Get Marc (ISO 2709) : E-mail record : QR code < ปิดหน้าต่าง
LEADER : 00000nam 2200000uu 4500
001    13399125335
003     ULIB
008    170426s2558||||th 000 0 tha d
020    ^a9786163948236
060    ^aWY101 ส825ก
100    ^aสุปาณี เสนาดิสัย และวรรณภา ประไพพานิช
245    ^aการพยาบาลพื้นฐาน
250    ^aพิมพ์ครั้งที่ 13
260    ^aกรุงเทพฯ :^bโรงเรียนพยาบาลรามาธิบดี,^c2558
300    ^a819 หน้า^bภาพประกอบ, ตาราง
650    ^aการพยาบาล
945    ^p0^l0^i002010
945    ^p0^l0^i002011
945    ^p0^l0^i002012
945    ^p0^l0^i002013
945    ^p0^l0^i002014
945    ^p0^l0^i002015
945    ^p0^l0^i002016
945    ^p0^l0^i002017
945    ^p0^l0^i002018
945    ^p0^l0^i002019
999    ^aวรรณษา ชูชัยมงคล
รายการนี้ยังไม่มีแท็ก
คุณยังไม่ได้ล็อกอิน คุณสามารถมีกิจกรรมร่วมกับเว็บไซต์ได้ แต่ต้องล็อกอินก่อน ::
  ล็อกอิน

รายการสื่อสารสนเทศ

ลำดับที่ ประเภท เลขเรียก/บาร์โค้ด สถานที่ สถานะ
1. วิทยาศาสตร์การแพทย์ และสุขภาพ
วิทยาศาสตร์การแพทย์ และสุขภาพ
สถานะ=หนังสือเก่า
WY101 ส825ก ฉ.1 
  Barcode: 002010
ห้องสมุดวิทยาเขตสวรรค์ประชารักษ์
►ส่วนจัดเก็บหนังสือเก่า สปร
บนชั้น
  ขอยืม
2. วิทยาศาสตร์การแพทย์ และสุขภาพ
วิทยาศาสตร์การแพทย์ และสุขภาพ
สถานะ=หนังสือเก่า
WY101 ส825ก ฉ.10 
  Barcode: 002019
ห้องสมุดวิทยาเขตสวรรค์ประชารักษ์
►ส่วนจัดเก็บหนังสือเก่า สปร
บนชั้น
  ขอยืม
3. วิทยาศาสตร์การแพทย์ และสุขภาพ
วิทยาศาสตร์การแพทย์ และสุขภาพ
สถานะ=หนังสือเก่า
WY101 ส825ก ฉ.2 
  Barcode: 002011
ห้องสมุดวิทยาเขตสวรรค์ประชารักษ์
►ส่วนจัดเก็บหนังสือเก่า สปร
บนชั้น
  ขอยืม
4. วิทยาศาสตร์การแพทย์ และสุขภาพ
วิทยาศาสตร์การแพทย์ และสุขภาพ
สถานะ=หนังสือเก่า
WY101 ส825ก ฉ.3 
  Barcode: 002012
ห้องสมุดวิทยาเขตสวรรค์ประชารักษ์
►ส่วนจัดเก็บหนังสือเก่า สปร
บนชั้น
  ขอยืม
5. วิทยาศาสตร์การแพทย์ และสุขภาพ
วิทยาศาสตร์การแพทย์ และสุขภาพ
สถานะ=หนังสือเก่า
WY101 ส825ก ฉ.4 
  Barcode: 002013
ห้องสมุดวิทยาเขตสวรรค์ประชารักษ์
►ส่วนจัดเก็บหนังสือเก่า สปร
บนชั้น
  ขอยืม
6. วิทยาศาสตร์การแพทย์ และสุขภาพ
วิทยาศาสตร์การแพทย์ และสุขภาพ
สถานะ=หนังสือเก่า
WY101 ส825ก ฉ.5 
  Barcode: 002014
ห้องสมุดวิทยาเขตสวรรค์ประชารักษ์
►ส่วนจัดเก็บหนังสือเก่า สปร
บนชั้น
  ขอยืม
7. วิทยาศาสตร์การแพทย์ และสุขภาพ
วิทยาศาสตร์การแพทย์ และสุขภาพ
สถานะ=หนังสือเก่า
WY101 ส825ก ฉ.6 
  Barcode: 002015
ห้องสมุดวิทยาเขตสวรรค์ประชารักษ์
►ส่วนจัดเก็บหนังสือเก่า สปร
บนชั้น
  ขอยืม
8. วิทยาศาสตร์การแพทย์ และสุขภาพ
วิทยาศาสตร์การแพทย์ และสุขภาพ
สถานะ=หนังสือเก่า
WY101 ส825ก ฉ.7 
  Barcode: 002016
ห้องสมุดวิทยาเขตสวรรค์ประชารักษ์
►ส่วนจัดเก็บหนังสือเก่า สปร
บนชั้น
  ขอยืม
9. วิทยาศาสตร์การแพทย์ และสุขภาพ
วิทยาศาสตร์การแพทย์ และสุขภาพ
สถานะ=หนังสือเก่า
WY101 ส825ก ฉ.8 
  Barcode: 002017
ห้องสมุดวิทยาเขตสวรรค์ประชารักษ์
►ส่วนจัดเก็บหนังสือเก่า สปร
บนชั้น
  ขอยืม
10. วิทยาศาสตร์การแพทย์ และสุขภาพ
วิทยาศาสตร์การแพทย์ และสุขภาพ
สถานะ=หนังสือเก่า
WY101 ส825ก ฉ.9 
  Barcode: 002018
ห้องสมุดวิทยาเขตสวรรค์ประชารักษ์
►ส่วนจัดเก็บหนังสือเก่า สปร
บนชั้น
  ขอยืม

รายการใกล้เคียง
    ชื่อเรื่อง [การพยาบาลพื้นฐาน]

    ผู้แต่ง [สุปาณี เสนาดิสัย และวรรณภา ประไพพานิช]

    หัวเรื่อง [การพยาบาล]

BibComment


ยังไม่เคยถูกคอมเมนท์

คอมเมนท์ทรัพยากรรายการนี้
  คอมเมนท์: การพยาบาลพื้นฐาน


 Copyright 2026. Bcnsprnw @Library